000
00299nam a2200109Ia 4500
001
1259618
005
20260417140315.0
008
260417s9999 xx 000 0 und d
020
_a
9789752890367
245
0
_a
Bir Siyah Saçlı Kadının Gezi Notları
_c
Buket Uzuner
260
_b
Everest Yayınları
999
_c
1259618
_d
1259618